000 00875cab a2200253 4500
001 X1077
008 090401t1993 xxu||||| |||| 00| 0 eng d
035 _a(Sirsi) u14577
041 _aeng
100 _aStapleton, T.
245 4 _aThe environment - new valuation guide finalised
260 _c1993
350 _a0
490 _aCS Monthly : General Practice
_v3(2) October 1993, 2(1)
520 _aNew guidance on `environmental factors, contamination and valuation` has been finalised by a working party of the RICS Valuation Practice Skills Panel. The chairman outlines the purpose and essence of the document.
650 _aCONTAMINATED LAND
650 _aVALUATION ISSUES
650 _aVALUATION PRACTICE SKILLS PANEL
650 _aValuation
_96273
650 _aVALUE
690 _aENVIRONMENTAL AND LAND CONSULTANCY
942 _n0
948 _c04/03/1997
999 _c9511
_d9511